[Event "Niteroi op 2nd"]
[Site "Niteroi"]
[Date "2022.09.04"]
[Round "6"]
[White "Macieira, Flavio Helmold"]
[Black "Santos Filho, Tadeu Souza"]
[Result "1/2-1/2"]
[WhiteElo "1824"]
[BlackElo "2024"]
[PlyCount "80"]
[EventDate "2022.09.01"]
[EventType "swiss"]
[EventRounds "9"]
[EventCountry "BRA"]
[SourceTitle "CBM 210 Extra"]
[Source "ChessBase"]
[SourceDate "2022.11.30"]
[SourceVersion "1"]
[SourceVersionDate "2022.11.30"]
[SourceQuality "1"]

1. c3 d5 2. d4 Nc6 3. Bg5 Qd6 4. Nf3 e5 5. dxe5 Nxe5 6. Nbd2 Nf6 7. Nxe5 Qxe5 8. Nf3 Qd6 9. e3 Be7 10. Bd3 Be6 11. Qc2 h6 12. Bf4 Qb6 13. Nd4 Bd7 14. Nf5 Bxf5 15. Bxf5 0-0 16. g4 Bd6 17. Bg3 Rfe8 18. 0-0-0 Rad8 19. Bh4 Be7 20. g5 Nh5 21. Rhg1 g6 22. gxh6 Kh7 23. Bxe7 Rxe7 24. Rg5 Kxh6 25. Rdg1 Rg8 26. Qe2 Ree8 27. Qg4 Nf6 28. Qh4+ Kg7 29. Qg3 Kf8 30. Bc2 Rd8 31. Qf3 Qe6 32. Qf4 Qd6 33. Qh4 Ke7 34. Qg3 Kd7 35. Qf3 Kc8 36. Rd1 Qe7 37. Qf4 Rd6 38. Re5 Re6 39. Rg5 Rh8 40. Qg3 c6 1/2-1/2

[Event "BRA-ch Seniors 65+"]
[Site "Sao Paulo"]
[Date "2019.10.11"]
[Round "1"]
[White "Macieira, Flavio Helmold"]
[Black "Bastos, Ricardo Alves"]
[Result "1/2-1/2"]
[WhiteElo "1842"]
[BlackElo "1416"]
[PlyCount "73"]
[EventDate "2019.10.11"]
[EventType "swiss"]
[EventRounds "5"]
[EventCountry "BRA"]
[SourceTitle "CBM 193 Extra"]
[Source "ChessBase"]
[SourceDate "2020.01.31"]
[SourceVersion "1"]
[SourceVersionDate "2020.01.31"]
[SourceQuality "1"]

1. c4 c5 2. Nf3 Nc6 3. Nc3 Nf6 4. g3 g6 5. Bg2 Bg7 6. e3 0-0 7. 0-0 d6 8. d4 Bg4 9. h3 Bf5 10. a3 Ne4 11. Nxe4 Bxe4 12. d5 Na5 13. Nd2 Bd3 14. Re1 Nxc4 15. Qb3 Ne5 16. f4 c4 17. Qd1 Nd7 18. Bf1 Bxf1 19. Rxf1 b5 20. Ne4 Qb6 21. Rb1 Rfc8 22. Qf3 Nc5 23. Nf2 Nb3 24. Kg2 Rc7 25. f5 Rac8 26. Ng4 Nxc1 27. Rfxc1 c3 28. bxc3 Rxc3 29. Rxc3 Rxc3 30. Rf1 g5 31. f6 Rc2+ 32. Kh1 exf6 33. Nxf6+ Bxf6 34. Qxf6 Qc7 35. Qxg5+ Kh8 36. Qf6+ Kg8 37. Qg5+ 1/2-1/2

[Event "Brasiliense-ch"]
[Site "Brazil"]
[Date "1990.11.??"]
[Round "8"]
[White "Lima, Oswaldo"]
[Black "Macieira, Flavio Helmold"]
[Result "1-0"]
[WhiteElo "1992"]
[BlackElo "2087"]
[PlyCount "91"]
[EventDate "1990.10.??"]
[EventType "swiss"]
[EventRounds "9"]
[EventCountry "BRA"]
[SourceTitle "EXT 2003"]
[Source "ChessBase"]
[SourceDate "2002.11.25"]
[SourceVersion "1"]
[SourceVersionDate "2002.11.25"]
[SourceQuality "1"]

1. e4 e6 2. d4 d5 3. Nd2 c5 4. Ngf3 cxd4 5. Nxd4 Nc6 6. Bb5 Bd7 7. Nxc6 bxc6 8. Bd3 Bd6 9. 0-0 Qc7 10. h3 Nf6 11. Qe2 0-0 12. Nf3 e5 13. Bg5 Nxe4 14. Bxe4 dxe4 15. Qxe4 Be6 16. Rad1 f6 17. Bd2 Rad8 18. c4 Rd7 19. b3 Rfd8 20. Bc3 Bf8 21. Qc2 Bf5 22. Qc1 Qb7 23. Ba5 Bd3 24. Bxd8 Bxf1 25. Kxf1 e4 26. Ne1 e3 27. fxe3 Bc5 28. Ba5 Re7 29. Bd2 Qd7 30. Kg1 Qf5 31. Nf3 Qd3 32. Re1 g5 33. b4 Bb6 34. c5 Bc7 35. Qc3 Qg6 36. Qc4+ Kg7 37. Bc3 h5 38. e4 Bg3 39. Re2 g4 40. Nd4 Rxe4 41. Ne6+ Rxe6 42. Qxe6 Qb1+ 43. Re1 Bxe1 44. Bxf6+ Kh6 45. Bc3+ Kg5 46. Qf6# 1-0

[Event "Brasiliense-ch"]
[Site "Brazil"]
[Date "1990.10.??"]
[Round "6"]
[White "Macieira, Flavio Helmold"]
[Black "Leao, Manoel"]
[Result "0-1"]
[WhiteElo "2087"]
[BlackElo "2132"]
[PlyCount "116"]
[EventDate "1990.10.??"]
[EventType "swiss"]
[EventRounds "9"]
[EventCountry "BRA"]
[SourceTitle "EXT 2003"]
[Source "ChessBase"]
[SourceDate "2002.11.25"]
[SourceVersion "1"]
[SourceVersionDate "2002.11.25"]
[SourceQuality "1"]

1. c4 f5 2. d4 Nf6 3. Bg5 e6 4. Nc3 d5 5. cxd5 exd5 6. Bxf6 Qxf6 7. Nxd5 Qd8 8. Nc3 Bd6 9. Qb3 Nc6 10. Nf3 Bd7 11. e3 f4 12. e4 Qe7 13. 0-0-0 0-0-0 14. e5 Bb4 15. Nd5 Qf8 16. Nxb4 Qxb4 17. e6 Be8 18. Bc4 Qd6 19. Qc3 Bh5 20. Rhe1 Bxf3 21. gxf3 Ne7 22. Qa5 Kb8 23. Qc5 Rhe8 24. Re4 Qxc5 25. dxc5 Rxd1+ 26. Kxd1 Rd8+ 27. Kc2 g5 28. Kc3 c6 29. Rd4 Kc7 30. Rxd8 Kxd8 31. Kd4 Ng6 32. Ke4 Nh4 33. Ke5 Ke7 34. Be2 h6 35. a3 Ng6+ 36. Kf5 Nh4+ 37. Kg4 Kxe6 38. Kh5 Nf5 39. Bd3 Nd4 40. Kxh6 Kf6 41. b4 Nxf3 42. Be2 Ne5 43. f3 Ng6 44. Kh5 Ne7 45. Bf1 Nf5 46. Bh3 Nd4 47. Bg4 a5 48. bxa5 Nb3 49. a6 bxa6 50. Bd7 Nxc5 51. Bxc6 a5 52. Kg4 Nd3 53. Be4 Nf2+ 54. Kh5 Nxe4 55. h4 gxh4 56. Kxh4 Nf2 57. Kh5 Kf5 58. Kh6 Nd3 0-1

[Event "Brasiliense-ch"]
[Site "Brazil"]
[Date "1990.10.??"]
[Round "5"]
[White "Macieira, Flavio Helmold"]
[Black "Reis, Ernesto Guevara"]
[Result "1-0"]
[WhiteElo "2087"]
[BlackElo "1951"]
[PlyCount "87"]
[EventDate "1990.10.??"]
[EventType "swiss"]
[EventRounds "9"]
[EventCountry "BRA"]
[SourceTitle "EXT 2003"]
[Source "ChessBase"]
[SourceDate "2002.11.25"]
[SourceVersion "1"]
[SourceVersionDate "2002.11.25"]
[SourceQuality "1"]

1. c4 Nf6 2. Nc3 e6 3. e4 d6 4. d4 Nbd7 5. f4 g6 6. Nf3 Bg7 7. e5 dxe5 8. fxe5 Ng8 9. Be2 Ne7 10. Be3 b6 11. Ng5 Nf5 12. Bf4 Bb7 13. Bf3 Bxf3 14. Nxf3 0-0 15. g4 Ne7 16. Qe2 Re8 17. h4 c5 18. h5 cxd4 19. Ne4 gxh5 20. Rxh5 Ng6 21. Bg5 f6 22. exf6 Nxf6 23. 0-0-0 e5 24. Qh2 Nxg4 25. Qh3 Qc7 26. Qxg4 Qxc4+ 27. Kb1 Rac8 28. Rh2 Rc6 29. Qh5 d3 30. Qxh7+ Kf7 31. Bh6 Qc2+ 32. Rxc2 dxc2+ 33. Kc1 cxd1Q+ 34. Kxd1 Rd8+ 35. Ned2 Rg8 36. Ng5+ Kf8 37. Nde4 Ne7 38. Bxg7+ Rxg7 39. Qh8+ Rg8 40. Nh7+ Kf7 41. Nhg5+ Kf8 42. Qxe5 Rcg6 43. Qf4+ Ke8 44. Qf7+ 1-0